000 00879nam a22002417a 4500
005 20090605133934.0
008 090605t xxu||||| |||| 00| 0 eng d
010 _aENG-93896
020 _c695.00
_a9788131305089
035 _aEN-77429
037 _bDBAD / PUB
040 _adpl
_bEnglish
082 _a070.40285
100 _aBansal, S.K.
245 _aInformation technology in journalism /
_cby S.K. Bansal
260 _aNew Delhi
_bAPH Publishing Corporation
_c2009
270 _a4435-36/7, Ansari Road, Daryaganj
_bNew Delhi
_e110002
300 _av, 272p.
_c22cm(Hb)
500 _aIncludes bibliographical references and index
650 _aJournalism
942 _2ddc
_cEN
_mBAN
_h070.40285
999 _c27258
_d27258